| 000 | 00878cab a2200253 4500 | ||
|---|---|---|---|
| 001 | ABS58446 | ||
| 008 | 090401t1998 xxu||||| |||| 00| 0 eng d | ||
| 035 | _a(Sirsi) u84915 | ||
| 041 | _aeng | ||
| 100 | _aLawrence, B. | ||
| 245 | _aEmpty property - disturbing trends | ||
| 260 | _c1998 | ||
| 350 | _a0 | ||
| 490 |
_aHousing and Planning Review _v53(1) February/March 1998, 20-21(2) |
||
| 520 | _aImprovement of the property market shows that the number of empty houses in England has dropped, but there are still disturbing trends. Considers how improvements can be made especially through the development of Empty Property Strategies. | ||
| 650 | _aEMPTY HOMES AGENCY | ||
| 650 | _aEMPTY HOMES | ||
| 650 | _aHOUSING ACT 1996 | ||
| 650 | _aPROPERTY MARKET | ||
| 650 | _aVACANT HOUSES | ||
| 690 |
_aBlock management _96220 |
||
| 942 | _n0 | ||
| 948 | _c16/03/1998 | ||
| 999 |
_c53396 _d53396 |
||